Loading...

Bibliometric Analysis of Library and Information Science Journals in Directory of Open Access Journals,2003-2012

Bibliographic Details
Main Author: Deepthi T
Format: Dissertation
Language:English
Subjects:
LEADER 00588nam a22001337a 4500
008 211204b |||||||| |||| 00| 0 eng d
100 |a Deepthi T 
245 |a Bibliometric Analysis of Library and Information Science Journals in Directory of Open Access Journals,2003-2012  |c Deepthi T 
300 |a 56p. 
653 |a internet  |a bibliometrics   |a open access journals  |a directory of open access journals  |a DOAJ  |a e-journals 
796 |a Ramitha, PK  |e Thesis advisor. 
942 |c PD 
999 |c 364162  |d 364162 
952 |0 0  |1 0  |4 0  |7 0  |9 424316  |a LIS  |b LIS  |c REF  |d 2021-12-04  |i NB375  |l 0  |p LISNB0375  |r 2021-12-04  |w 2021-12-04  |y PD